Účtovanie časového rozlíšenia nákladov a výnosov v obciach, rozpočtových a príspevkových organizáciách zriadených obcou
Článok je venovaný problematike účtovania časového rozlíšenia nákladov a výnosov podľa opatrenia Ministerstva financií Slovenskej republiky zo dňa 12. 12. 2022 č. MF/014454/2022-36, ktorým sa ustanovujú podrobnosti o postupoch účtovania a rámcovej účtovnej osnove pre obce, vyššie územné celky a nimi...
Guardado en:
| Autor principal: | |
|---|---|
| Formato: | Capítulo de libro |
| Lenguaje: | eslovaco |
| Materias: | |
| Etiquetas: |
Sin Etiquetas, Sea el primero en etiquetar este registro!
|
MARC
| LEADER | 00000naa a2200000 4500 | ||
|---|---|---|---|
| 001 | 0302858 | ||
| 005 | 20240628092704.6 | ||
| 041 | 0 | |a slo | |
| 044 | |a SK | ||
| 245 | 1 | 0 | |a Účtovanie časového rozlíšenia nákladov a výnosov v obciach, rozpočtových a príspevkových organizáciách zriadených obcou |c Terézia Urbanová |
| 520 | |a Článok je venovaný problematike účtovania časového rozlíšenia nákladov a výnosov podľa opatrenia Ministerstva financií Slovenskej republiky zo dňa 12. 12. 2022 č. MF/014454/2022-36, ktorým sa ustanovujú podrobnosti o postupoch účtovania a rámcovej účtovnej osnove pre obce, vyššie územné celky a nimi zriadené rozpočtové organizácie a príspevkové organizácie. | ||
| 610 | 2 | 0 | |a obce |
| 610 | 2 | 0 | |a účtovanie |
| 610 | 2 | 0 | |a náklady |
| 610 | 2 | 0 | |a výnosy |
| 610 | 2 | 0 | |a zákony |
| 610 | 2 | 0 | |a vyššie územné celky |
| 100 | 1 | |a Urbanová, Terézia | |